000 00823nam a22002537a 4500
003 dpl
005 20180712155601.0
008 180605b xxu||||| |||| 00| 0 eng d
010 _aB-227289, B-227295
020 _c00.00
_a8181283813
035 _aB-227289, B-227295, B-227290
037 _bCen Lib/Ret
040 _aDPL
_bEN
_c0
082 _a515.2433
_bKAI
100 _aKaiser, Gerald
_917175
245 _aA friendly guide to wavelets /
_cby Gerald Kaiser
260 _bSpringer
_aNew Delhi
_c1994
270 _aakash deep building, barakhamba road
_bNew Delhi
_e110001
300 _axvii, 300p.
_c23cm(pbk)
500 _aIncludes bibliographical references and index
650 _aMathematics
_98937
650 _aBasic wavelets analysis
_917176
942 _2ddc
_cEN
_h515.2433
_mKAI
999 _c126300
_d126300